| 000 | 00791nam a2200205 a 4500 | ||
|---|---|---|---|
| 001 | 000041334 | ||
| 005 | 20201002034810.0 | ||
| 008 | 130930s1991 sp 000 0 spa d | ||
| 020 | _a8400-071840 | ||
| 040 |
_aDO-SdBNP _bspa _cBNPHU |
||
| 100 | 1 |
_aGarcía Barrientos, José Luis _967977 |
|
| 245 | 1 | 0 |
_aDrama y Tiempo : _bDramatología 1 / _cJosé Luis García Barrientos. |
| 260 |
_aMadrid :, _cConsejo Superior de Investigaciones Científicas. _c1991. |
||
| 300 |
_a287 p. ; _c25 cm. |
||
| 490 | 1 |
_aBiblioteca de filología hispánica _v4 |
|
| 504 | _aIncluye referencias bibliográficas y notas al pie de las páginas | ||
| 504 | _aBibliografía p. 271-287 | ||
| 710 | 2 |
_aConsejo Superior de Investigaciones Científicas _94786 |
|
| 830 | 0 |
_aBiblioteca de filología hispánica _v4 _967489 |
|
| 999 |
_c40824 _d40824 |
||